=LDR 00000nam 2200000 4500 =001 INLIS000000000032992 =005 20130612134955 =008 ***********************************ind** =035 ##$$0010-061300000032992 =041 ##$$a ind =082 ##$$a 650 =090 ##$$a 650, Ma'r t =100 ##$$a Ma'ruf Muhammad =245 ##$$a Tsunami finansial, Pseluang Bisnis dan Investasi Indonesia dan Setiap Individu Di tahun 2009, Muhammad Ma'ruf =260 ##$$a 20096 $b jakarta =300 ##$$a xiii,176 hlm, Ilus, 19 cm =650 ##$$a Bisnis =850 ##$$a NBPNMAT